LIBRARY & INFORMATION CENTRE, KCAET, TAVANUR

ONLINE PUBLIC ACCESS CATALOGUE (OPAC)

Optimization techniques in operations research (Record no. 13659)

MARC details
000 -LEADER
fixed length control field 00325nam a22001217a 4500
020 ## - INTERNATIONAL STANDARD BOOK NUMBER
ISBN 9788190656689
082 ## - DEWEY DECIMAL CLASSIFICATION NUMBER
Classification number 658.4034
Item number GUP/OP
100 ## - MAIN ENTRY--AUTHOR NAME
Personal name Gupta, C.B
245 ## - TITLE STATEMENT
Title Optimization techniques in operations research
260 ## - PUBLICATION, DISTRIBUTION, ETC. (IMPRINT)
Place of publication New Delhi
Name of publisher I.K International Publishing House Pvt. Ltd.
Year of publication 2008
300 ## - PHYSICAL DESCRIPTION
Number of Pages 298
942 ## - ADDED ENTRY ELEMENTS (KOHA)
Koha item type Books
Holdings
Withdrawn status Lost status Damaged status Collection code Home library Current library Shelving location Date acquired Source of acquisition Cost, normal purchase price Full call number Accession Number Koha item type
      Non-fiction KAUAET KAUAET General Stacks 31/03/2012 Cosmo Books, Calicut 195.00 658.4034 GUP/OP 22393 Books
free website counter